| 000 | 00622nam a2200217 i 4500 | ||
|---|---|---|---|
| 001 | 148117 | ||
| 003 | ES-MaACL | ||
| 005 | 20250814090910.0 | ||
| 007 | t| | ||
| 008 | 070214s1966 sp r ||||1| spa d | ||
| 100 | 1 |
_aStaehlin, Carlos María. _9107843 |
|
| 245 | 1 | 0 |
_aTeoría del cine / _cCarlos María Staehlin. |
| 260 |
_aMadrid : _bRazón y Fe, _c1966. |
||
| 300 |
_a340 p. : _bil. ; _c20 cm. |
||
| 490 | 1 | _aColección fílmica | |
| 650 | 0 | 7 |
_aCinematografía _2embne _911038 |
| 830 | 1 |
_aColección fílmica _9220979 |
|
| 852 |
_aES-MaACL _jC-30403 |
||
| 852 |
_aES-MaACL _jC-31638 |
||
| 999 |
_c148117 _d148117 |
||